El idealismo del lenguaje (Record no. 187926)

MARC details
000 -LEADER
campo de control de longitud fija 00875nam a2200193 i 4500
001 - NÚMERO DE CONTROL
campo de control 187926
003 - IDENTIFICADOR DE NÚMERO DE CONTROL
campo de control ES-MaACL
005 - FECHA Y HORA DE LA ÚLTIMA TRANSACCIÓN
campo de control 20250727190111.0
008 - DATOS DE LONGITUD FIJA--INFORMACIÓN GENERAL
campo de control de longitud fija 180326s1929 sp |||| | spa d
100 1# - ENTRADA PRINCIPAL--NOMBRE DE PERSONA
Nombre de persona García de Diego, Vicente,
Fechas asociadas al nombre 1878-1978
9 (RLIN) 54421
245 13 - MENCIÓN DEL TÍTULO
Título El idealismo del lenguaje
Resto del título : conferencia pronunciada el día 18 de febrero de 1929 /
Mención de responsabilidad, etc. por Vicente García de Diego.
260 ## - PUBLICACIÓN, DISTRIBUCIÓN, ETC.
Lugar de publicación, distribución, etc. Madrid :
Nombre del editor, distribuidor, etc. [s.n.],
Fecha de publicación, distribución, etc. 1929 (
Fabricante Blass tipogragía)
300 ## - DESCRIPCIÓN FÍSICA
Extensión 23 p. ;
Dimensiones 23 cm.
490 1# - MENCIÓN DE SERIE
Mención de serie Conferencias dadas en el Centro de intercambio intelectual germano-español ;
Designación de volumen o secuencia 23
650 #4 - PUNTO DE ACCESO ADICIONAL DE MATERIA--TÉRMINO DE MATERIA
Término de materia o nombre geográfico como elemento de entrada Lenguaje-
Subdivisión general Filosofía.
9 (RLIN) 14344
830 00 - PUNTO DE ACCESO ADICIONAL DE SERIE-TÍTULO UNIFORME
Título uniforme Conferencias dadas en el Centro de Intercambio Intelectual Germano-Español
Designación de volumen o secuencia 23
9 (RLIN) 192904
852 ## - LOCALIZACIÓN
Ubicación ES-MaACL
Número de control de estantería C-8111(19)
Nota libre .- Donat. del Centro de Intercambio Intelectual Germano-Español (Madrid)
Holdings
Estatus retirado Estado de pérdida Estado de daño No para préstamo Biblioteca de origen Biblioteca actual Ubicación en estantería Fecha de adquisición Fuente de adquisición Total de préstamos Signatura topográfica completa Código de barras Visto por última vez Precio de reemplazo Tipo de ítem Koha
        Biblioteca del Ateneo de Madrid Biblioteca del Ateneo de Madrid Sala Palomar 26/03/2018     C-8111(19) 1198578 23/02/2023 23/02/2023 Libro impreso